000 00666cam a2200217 i 4500
020 _a9781771886642 (hardcover : alk. paper)
020 _a1771886641 (hardcover : alk. paper)
040 _cDLC
082 0 0 _a631 ASI 1997 C154 Or.
245 0 0 _aAdvanced molecular plant breeding :
_bmeeting the challenge of food security /
300 _axxvi, 700 pages :
_billustrations (some color) ;
_c24 cm
650 0 _aPlant genetic engineering.
650 0 _aPlant breeding.
650 0 _aCrops
650 1 2 _aPlant Breeding
650 2 2 _aDNA Shuffling
650 2 2 _aCrops, Agricultural
650 2 2 _aCrop Production
700 1 _aBharadwaj, D. N.
942 _cAEDBB
999 _c18920
_d18920